<?xml version="1.0" encoding="UTF-8"?>
<record
    xmlns:xsi="http://www.w3.org/2001/XMLSchema-instance"
    xsi:schemaLocation="http://www.loc.gov/MARC21/slim http://www.loc.gov/standards/marcxml/schema/MARC21slim.xsd"
    xmlns="http://www.loc.gov/MARC21/slim">

  <leader>02642nam a2200385Ii 4500</leader>
  <controlfield tag="001">DIGRILEDIT0146</controlfield>
  <controlfield tag="003">NyNyDIG</controlfield>
  <controlfield tag="006">m     o  d        </controlfield>
  <controlfield tag="007">cr |||||||||||</controlfield>
  <controlfield tag="008">140401s2010    cl      ob    000 0 spa d</controlfield>
  <datafield tag="020" ind1=" " ind2=" ">
    <subfield code="z">9789562847612</subfield>
  </datafield>
  <datafield tag="020" ind1=" " ind2=" ">
    <subfield code="z">9562847616</subfield>
  </datafield>
  <datafield tag="035" ind1=" " ind2=" ">
    <subfield code="a">(OCoLC)823748386</subfield>
  </datafield>
  <datafield tag="040" ind1=" " ind2=" ">
    <subfield code="a">DGITA</subfield>
    <subfield code="b">eng</subfield>
    <subfield code="e">pn</subfield>
    <subfield code="c">DGITA</subfield>
  </datafield>
  <datafield tag="050" ind1="1" ind2="4">
    <subfield code="a">D59 eBook</subfield>
  </datafield>
  <datafield tag="245" ind1="0" ind2="3">
    <subfield code="a">La antig&#xFC;edad :</subfield>
    <subfield code="b">construcci&#xF3;n de un espacio interconectado /</subfield>
    <subfield code="c">Nicol&#xE1;s Cruz, Catalina Balmaceda, editores.</subfield>
  </datafield>
  <datafield tag="264" ind1=" " ind2="1">
    <subfield code="a">Providencia, Santiago de Chile:</subfield>
    <subfield code="b">RIL editores,</subfield>
    <subfield code="c">2010.</subfield>
  </datafield>
  <datafield tag="300" ind1=" " ind2=" ">
    <subfield code="a">1 online resource (332 pages) :</subfield>
    <subfield code="b">ill.</subfield>
  </datafield>
  <datafield tag="336" ind1=" " ind2=" ">
    <subfield code="a">text</subfield>
    <subfield code="b">txt</subfield>
    <subfield code="2">rdacontent</subfield>
  </datafield>
  <datafield tag="337" ind1=" " ind2=" ">
    <subfield code="a">computer</subfield>
    <subfield code="b">c</subfield>
    <subfield code="2">rdamedia</subfield>
  </datafield>
  <datafield tag="338" ind1=" " ind2=" ">
    <subfield code="a">online resource</subfield>
    <subfield code="b">cr</subfield>
    <subfield code="2">rdacarrier</subfield>
  </datafield>
  <datafield tag="490" ind1="1" ind2=" ">
    <subfield code="a">Bibliodiversidad.</subfield>
  </datafield>
  <datafield tag="505" ind1="0" ind2=" ">
    <subfield code="a">Palabras preliminares -- La idea del tiempo en la historiograf&#xED;a cl&#xE1;sica / Francesco Borghesi -- Diplomacia y navegaci&#xF3;n: dos instrumentos para los contactos en el Mediterr&#xE1;neo / Ra&#xFA;l Buono-Core -- La ciudad c&#xF3;smica y la concepci&#xF3;n estoica de racionalidad / Marcelo D. Boeri -- Roma y los otros. Los cultos extranjeros en la Rep&#xFA;blica Romana / Cecilia Ames -- La Guerra de Yugurta: Salustio y el informe de una crisis global / Catalina Balmaceda E. -- Las relaciones de Roma con las provincias: el proconsulado de M. T. Cicer&#xF3;n en Cilicia / Marta Sagristani -- Augusto y los comienzos del culto imperial como elemento de unificaci&#xF3;n del imperio / Cesare Letta -- Poema, exilio, diferendo. Aproximaci&#xF3;n a la po&#xE9;tica del destierro en Ovidio / Miguel Ruiz Stull -- Geograf&#xED;a literaria, cultural y pol&#xED;tica en Metamorphoses de Apuleyo / Guillermo de Santis -- Modalidades de circulaci&#xF3;n de la informaci&#xF3;n oficial en el Alto Imperio Romano / Alejandro Bancalari Molina -- &#xBF;Personas informadas en el Mediterr&#xE1;neo antiguo? / Nicol&#xE1;s Cruz -- Gobernantes viajeros: el Emperador Adriano (117-138), un caso en el mundo antiguo / Alejandro Villalobos Mart&#xED;nez -- La Tabula peutingeriana, entre imaginar y representar el mundo en el Imperio Romano / Marcela A. E. Cubillos Poblete -- &#xCD;ndice de nombres antiguos -- &#xCD;ndice de nombres modernos -- &#xCD;ndice topon&#xED;mico.</subfield>
  </datafield>
  <datafield tag="650" ind1=" " ind2="0">
    <subfield code="a">History, Ancient. </subfield>
  </datafield>
  <datafield tag="650" ind1=" " ind2="0">
    <subfield code="a">Civilization, Ancient. </subfield>
  </datafield>
  <datafield tag="655" ind1=" " ind2="0">
    <subfield code="a">Electronic books.</subfield>
  </datafield>
  <datafield tag="700" ind1="1" ind2=" ">
    <subfield code="a">Cruz Barros, Nicol&#xE1;s.</subfield>
  </datafield>
  <datafield tag="700" ind1="1" ind2=" ">
    <subfield code="a">Balmaceda, Catalina. </subfield>
  </datafield>
  <datafield tag="791" ind1="2" ind2=" ">
    <subfield code="a">Digitalia (Firm),</subfield>
    <subfield code="e">distributor.</subfield>
  </datafield>
  <datafield tag="830" ind1=" " ind2="0">
    <subfield code="a">Bibliodiversidad.</subfield>
  </datafield>
  <datafield tag="793" ind1="0" ind2=" ">
    <subfield code="g">Digitalia eBook Collection:</subfield>
    <subfield code="a">Ril Editores.</subfield>
  </datafield>
  <datafield tag="856" ind1="4" ind2="0">
    <subfield code="3">Digitalia Hisp&#xE1;nica</subfield>
    <subfield code="u">https://www.digitaliapublishing.com/a/18674/</subfield>
  </datafield>
  <datafield tag="910" ind1=" " ind2=" ">
    <subfield code="a">Premium Collection: 2007-2012</subfield>
  </datafield>
  <datafield tag="942" ind1=" " ind2=" ">
    <subfield code="c">RAA</subfield>
  </datafield>
  <datafield tag="952" ind1=" " ind2=" ">
    <subfield code="0">0</subfield>
    <subfield code="1">0</subfield>
    <subfield code="4">0</subfield>
    <subfield code="7">0</subfield>
    <subfield code="8">DEH</subfield>
    <subfield code="a">BD-UIN</subfield>
    <subfield code="b">BD-UIN</subfield>
    <subfield code="d">2025-04-25</subfield>
    <subfield code="l">0</subfield>
    <subfield code="r">2025-04-25</subfield>
    <subfield code="w">2025-04-25</subfield>
    <subfield code="y">RAA</subfield>
  </datafield>
  <datafield tag="999" ind1=" " ind2=" ">
    <subfield code="c">235991</subfield>
    <subfield code="d">235991</subfield>
  </datafield>
</record>
